Report and valuation on Lot 538, Sungei Penaga Industrial Park, Damansara district

Bibliographic Details
Main Author: Mukelabai Kabisa
Format: Book
Published: Zambia : [s.n.] , 1995

MARC

LEADER 00000cam a2200000 7i4500
001 0000025931
005 20150518.0
040 |a INS 
090 0 0 |a MTCP9 
100 1 |a Mukelabai Kabisa 
245 1 0 |a Report and valuation on Lot 538, Sungei Penaga Industrial Park, Damansara district   |c Mukelabai Kabisa 
260 |a Zambia :   |b [s.n.] ,   |c 1995 
300 |a Muka Surat Pelbagai :   |b ill. ;   |c 30cm. 
999 |a MTCP000196   |b BOOK   |c Course Notes   |e Default branch